Sociology (Record no. 7227)

000 -LEADER
fixed length control field 00428 a2200157 4500
040 ## - CATALOGING SOURCE
Original cataloging agency DLC
Language of cataloging DLC
082 ## - DEWEY DECIMAL CLASSIFICATION NUMBER
Classification number 301
100 ## - MAIN ENTRY--PERSONAL NAME
Personal name Macionis, John J.
245 ## - TITLE STATEMENT
Title Sociology
Statement of responsibility, etc. John J.Macionis
250 ## - EDITION STATEMENT
Edition statement 2nd ed
260 ## - PUBLICATION, DISTRIBUTION, ETC.
Place of publication, distribution, etc. Islamabad:
Name of publisher, distributor, etc. National Book Foundation,
Date of publication, distribution, etc. 1989.
300 ## - PHYSICAL DESCRIPTION
Extent xxi, 671 p.
Other physical details : ill
Dimensions ; 27 cm.
500 ## - GENERAL NOTE
General note Includes bibliographical references and index
650 ## - SUBJECT ADDED ENTRY--TOPICAL TERM
Topical term or geographic name entry element Sociology.
942 ## - ADDED ENTRY ELEMENTS (KOHA)
Koha item type Book
Call number prefix 301 MAC
Source of classification or shelving scheme
Holdings
Withdrawn status Lost status Damaged status Not for loan Collection code Permanent Location Current Location Shelving location Date acquired Source of acquisition Cost, normal purchase price Total Checkouts Full call number Barcode Date last seen Date last checked out Price effective from Koha item type Source of classification or shelving scheme Materials specified (bound volume or other part) Public note
          Central Library (CL) Central Library (CL) General Stacks 04/29/2008 Donation 0.00 3 301 MAC SEECS009030 08/31/2023 02/23/2023 01/05/2017 Book      
          Central Library (CL) Central Library (CL) Central Superior Services 04/29/2008 Donation 0.00 3 301 MAC SEECS009031 09/07/2022 03/31/2021 01/05/2017 Book   CSS Corner Book CSS Corner Book
© 2023 Central Library, National University of Sciences and Technology. All Rights Reserved.